[Event "Tradewise Gibraltar AmatWk2"]
[Site "Gibraltar"]
[Date "2016.02.01"]
[Round "3.5"]
[White "Tkadlecek, Petr"]
[Black "Cruz Fiallos, Hamilton Tarley"]
[Result "1/2-1/2"]
[WhiteElo "1754"]
[BlackElo "1836"]
[PlyCount "138"]
[EventDate "2016.01.30"]
[EventType "swiss"]
[EventRounds "5"]
[EventCountry "GGB"]
[SourceTitle "BritBase"]
[Source "www.saund.co.uk"]
[SourceDate "2018.02.10"]
[SourceVersion "1"]
[SourceVersionDate "2018.02.10"]
[SourceQuality "1"]

1. d4 Nf6 2. Nf3 g6 3. Bf4 Bg7 4. e3 O-O 5. c3 d6 6. h3 c6 7. Bd3 Qc7 8. O-O
Nbd7 9. Bc2 e5 10. dxe5 dxe5 11. Bg3 Re8 12. Nbd2 b6 13. Ne4 Nxe4 14. Bxe4 Nc5
15. Bc2 Ba6 16. Re1 Rad8 17. Qb1 Bc4 18. Nd4 Rd7 19. b3 Ba6 20. b4 Ne6 21. a4
Qc8 22. Nf3 Qc7 23. Be4 Bc4 24. Bc2 c5 25. b5 Red8 26. Bb3 Bxb3 27. Qxb3 c4 28.
Qc2 f6 29. Rad1 Nc5 30. Nd4 Qb7 31. Nc6 Rxd1 32. Rxd1 Rd3 33. Nb4 Rd7 34. Qe2
Rxd1+ 35. Qxd1 Kf7 36. f3 Bf8 37. Qe2 Nxa4 38. Qxc4+ Kg7 39. Nc6 Nc5 40. Qd5 a5
41. bxa6 Nxa6 42. Nb4 Qxd5 43. Nxd5 b5 44. e4 b4 45. cxb4 Nxb4 46. Nxb4 Bxb4
47. Bf2 Kf7 48. Kf1 Ke6 49. Ke2 f5 50. exf5+ gxf5 51. g3 Kd5 52. Be3 e4 53.
fxe4+ Kxe4 54. Bf4 h5 55. Bc7 Ba3 56. Bf4 Bb2 57. Bc7 Bc1 58. Kf2 Bb2 59. Bb6
Bc1 60. Bc7 Bd2 61. Bb6 Bg5 62. Kg2 Be3 63. Bd8 Ba7 64. Bc7 Ke3 65. Bf4+ Ke2
66. Bc7 Bf2 67. Bd8 h4 68. Bxh4 f4 69. gxf4 Bxh4 1/2-1/2

[Event "Tradewise Gibraltar AmatWk2"]
[Site "Gibraltar"]
[Date "2016.02.01"]
[Round "3.6"]
[White "Cernuda Orejas, Victor Manuel"]
[Black "Al-Hariri, Saad"]
[Result "1-0"]
[WhiteElo "1899"]
[BlackElo "1814"]
[PlyCount "107"]
[EventDate "2016.01.30"]
[EventType "swiss"]
[EventRounds "5"]
[EventCountry "GGB"]
[SourceTitle "BritBase"]
[Source "www.saund.co.uk"]
[SourceDate "2018.02.10"]
[SourceVersion "1"]
[SourceVersionDate "2018.02.10"]
[SourceQuality "1"]

1. d4 Nf6 2. Bg5 c6 3. Bxf6 exf6 4. c3 d5 5. Nd2 f5 6. e3 Nd7 7. Ngf3 Bd6 8. c4
Nf6 9. c5 Bc7 10. g3 Qe7 11. b4 f4 12. Qe2 fxe3 13. Qxe3 Qxe3+ 14. fxe3 Bf5 15.
Nh4 Be4 16. Nxe4 Nxe4 17. Bg2 Nf6 18. a4 O-O 19. Bf3 Rfe8 20. Kd2 g6 21. Kd3
Re7 22. Rhe1 Rae8 23. Re2 Ne4 24. Bxe4 Rxe4 25. Nf3 h6 26. b5 f5 27. Nd2 R4e6
28. Rf1 Kg7 29. Rf3 Re4 30. Nf1 Kf6 31. Rb2 R8e7 32. Rff2 g5 33. bxc6 bxc6 34.
Rb7 f4 35. Rxa7 Kg6 36. gxf4 gxf4 37. Rf3 fxe3 38. Rxe3 Rf7 39. Rxe4 dxe4+ 40.
Kxe4 Re7+ 41. Kd3 Kf6 42. Ne3 Rd7 43. Ra6 Kg5 44. h4+ Kxh4 45. Rxc6 Kg5 46. d5
h5 47. d6 Ba5 48. Rc8 Bd8 49. Ke4 h4 50. Rb8 Bf6 51. Rg8+ Bg7 52. Kd5 Kf6 53.
c6 Ra7 54. c7 1-0

[Event "Tradewise Gibraltar AmatWk2"]
[Site "Gibraltar"]
[Date "2016.02.01"]
[Round "3.8"]
[White "Sevillano Garcia, Joaquin"]
[Black "Galinskyi, Mykhalo"]
[Result "1-0"]
[WhiteElo "1867"]
[BlackElo "1514"]
[PlyCount "72"]
[EventDate "2016.01.30"]
[EventType "swiss"]
[EventRounds "5"]
[EventCountry "GGB"]
[SourceTitle "BritBase"]
[Source "www.saund.co.uk"]
[SourceDate "2018.02.10"]
[SourceVersion "1"]
[SourceVersionDate "2018.02.10"]
[SourceQuality "1"]

1. d4 d5 2. Nf3 e6 3. c4 dxc4 4. Qa4+ Bd7 5. Qxc4 Nf6 6. Bg5 Be7 7. Nbd2 c6 8.
e3 Nd5 9. Bxe7 Qxe7 10. a3 Nb6 11. Qc2 Na6 12. Bxa6 bxa6 13. O-O O-O 14. Rfc1
Rac8 15. b4 Nd5 16. Nb3 Rb8 17. Ne5 Rfc8 18. Nc5 Be8 19. Nxa6 Rb6 20. Nc5 g6
21. Nc4 Rb5 22. Nd3 Rbb8 23. e4 Nb6 24. Nce5 Qd6 25. Qc5 Qxc5 26. Nxc5 Rd8 27.
Nb3 Rbc8 28. h3 Rd6 29. Rc5 Nd7 30. Nxd7 Bxd7 31. Rac1 Rb8 32. e5 Rd5 33. Rxd5
cxd5 34. Rc7 Bb5 35. Rxa7 Bc4 36. Nc5 Kg7 1-0

[Event "Tradewise Gibraltar AmatWk2"]
[Site "Gibraltar"]
[Date "2016.02.01"]
[Round "3.9"]
[White "Kirkwood, Robin"]
[Black "Gonzalez Pabollet, Jesus Maria"]
[Result "0-1"]
[WhiteElo "1653"]
[BlackElo "1854"]
[PlyCount "76"]
[EventDate "2016.01.30"]
[EventType "swiss"]
[EventRounds "5"]
[EventCountry "GGB"]
[SourceTitle "BritBase"]
[Source "www.saund.co.uk"]
[SourceDate "2018.02.10"]
[SourceVersion "1"]
[SourceVersionDate "2018.02.10"]
[SourceQuality "1"]

1. g3 Nf6 2. Bg2 g6 3. f4 Bg7 4. Nf3 c5 5. c4 Nc6 6. Nc3 O-O 7. O-O d6 8. d3 a6
9. Rb1 Rb8 10. Nd2 Ng4 11. Nf3 b5 12. h3 b4 13. Nd5 Nf6 14. b3 Nd4 15. e3 Nxd5
16. cxd5 Nb5 17. Bb2 Bxb2 18. Rxb2 Nc3 19. Qd2 Nxd5 20. d4 Nc3 21. dxc5 Ne4 22.
Qe1 Nxc5 23. Nd4 Bb7 24. Qe2 Qb6 25. f5 Bxg2 26. fxg6 Bxf1 27. gxh7+ Kh8 28.
Qh5 Bd3 29. Rf2 Bg6 30. Qh6 Ne4 31. Ne6 fxe6 32. Rxf8+ Rxf8 33. Qxf8+ Kxh7 34.
Qxe7+ Kg8 35. Qxe6+ Kf8 36. Qxg6 Qxe3+ 37. Kh1 Qe1+ 38. Kh2 Qf2+ 0-1

[Event "Tradewise Gibraltar AmatWk2"]
[Site "Gibraltar"]
[Date "2016.02.01"]
[Round "3.10"]
[White "Kuenitz, Klaus"]
[Black "Christophe-Hayot, Romain"]
[Result "1-0"]
[WhiteElo "1778"]
[BlackElo "1824"]
[PlyCount "89"]
[EventDate "2016.01.30"]
[EventType "swiss"]
[EventRounds "5"]
[EventCountry "GGB"]
[SourceTitle "BritBase"]
[Source "www.saund.co.uk"]
[SourceDate "2018.02.10"]
[SourceVersion "1"]
[SourceVersionDate "2018.02.10"]
[SourceQuality "1"]

1. d4 f5 2. Nf3 d5 3. c4 e6 4. Bg5 Be7 5. Bxe7 Qxe7 6. e3 Nf6 7. Nc3 O-O 8. Qb3
c6 9. Be2 Nbd7 10. O-O Ng4 11. h3 Nh6 12. Ne5 Nxe5 13. dxe5 f4 14. exf4 Rxf4
15. g3 Qg5 16. Kh2 Rd4 17. f4 Qg6 18. Rad1 Nf5 19. Rf3 b6 20. Bd3 Qf7 21. Bxf5
Rxd1 22. Bxh7+ Kxh7 23. Nxd1 Ba6 24. cxd5 cxd5 25. Rc3 d4 26. Rc6 Bb7 27. Qxe6
Qh5 28. g4 Qh4 29. Qf5+ Kh8 30. Rc7 Bd5 31. Qd7 Qh6 32. g5 Qg6 33. Qxd5 Rf8 34.
Qxd4 Qb1 35. e6 Rg8 36. e7 Qg6 37. Qe5 Re8 38. Nf2 Qh5 39. Kg3 Qf7 40. Ne4 Qxa2
41. Nd6 Rxe7 42. Rxe7 Qb3+ 43. Qe3 Qxb2 44. Re8+ Kh7 45. Qe4+ 1-0

[Event "Tradewise Gibraltar AmatWk2"]
[Site "Gibraltar"]
[Date "2016.02.01"]
[Round "3.11"]
[White "Boabaid, Jorge Alberto Duard"]
[Black "Longdin, Michael"]
[Result "0-1"]
[WhiteElo "1895"]
[BlackElo "1813"]
[PlyCount "78"]
[EventDate "2016.01.30"]
[EventType "swiss"]
[EventRounds "5"]
[EventCountry "GGB"]
[SourceTitle "BritBase"]
[Source "www.saund.co.uk"]
[SourceDate "2018.02.10"]
[SourceVersion "1"]
[SourceVersionDate "2018.02.10"]
[SourceQuality "1"]

1. Nf3 c5 2. g3 Nc6 3. Bg2 g6 4. c4 Nf6 5. O-O Bg7 6. Nc3 O-O 7. d3 d6 8. Rb1
Bg4 9. h3 Bxf3 10. Bxf3 Qd7 11. Bg2 Nd4 12. e3 Nf5 13. Ne2 e5 14. b4 Rab8 15.
Ba3 b6 16. b5 h5 17. Bb2 h4 18. g4 Ne7 19. Nc3 d5 20. Qe2 Rbe8 21. Qf3 d4 22.
exd4 exd4 23. Ne2 Nh7 24. Nf4 f5 25. gxf5 Qxf5 26. Rbe1 Qxf4 27. Qb7 Be5 28.
Rxe5 Qxe5 29. Bc1 Ng5 30. f4 Qe2 31. fxg5 Rxf1+ 32. Bxf1 Qe5 33. Bd2 Rf8 34.
Qg2 Kg7 35. Be2 Nf5 36. Qg4 Ne3 37. Qxh4 Rh8 38. Qf2 Qxg5+ 39. Bg4 Rxh3 0-1

[Event "Tradewise Gibraltar AmatWk2"]
[Site "Gibraltar"]
[Date "2016.02.01"]
[Round "3.12"]
[White "Ocana, Jeremy"]
[Black "Guardia Bencomo, Tomas"]
[Result "1-0"]
[WhiteElo "1706"]
[BlackElo "1863"]
[PlyCount "123"]
[EventDate "2016.01.30"]
[EventType "swiss"]
[EventRounds "5"]
[EventCountry "GGB"]
[SourceTitle "BritBase"]
[Source "www.saund.co.uk"]
[SourceDate "2018.02.10"]
[SourceVersion "1"]
[SourceVersionDate "2018.02.10"]
[SourceQuality "1"]

1. c4 Nf6 2. Nf3 c6 3. d4 d5 4. g3 e6 5. Bg2 Bb4+ 6. Bd2 Bxd2+ 7. Nbxd2 O-O 8.
O-O Re8 9. Rc1 Nbd7 10. Ne5 Nxe5 11. dxe5 Nd7 12. f4 Qb6+ 13. Kh1 Qxb2 14. e4
Qxa2 15. exd5 cxd5 16. Rc2 Qa5 17. cxd5 exd5 18. Nb3 Qb4 19. Qxd5 Nb6 20. Qf3
Be6 21. Na1 Bd5 22. Qf2 Rab8 23. Bxd5 Nxd5 24. Qxa7 Qe4+ 25. Kg1 b6 26. Qa3
Qd4+ 27. Rcf2 Ne3 28. Nb3 Qd7 29. Re1 Nf5 30. Qb4 h5 31. Rd2 Qb7 32. Qe4 g6 33.
Kf2 Qc8 34. Rc1 Qe6 35. Nd4 Nxd4 36. Rxd4 Red8 37. Rcd1 Rxd4 38. Qxd4 Rc8 39.
Rd2 b5 40. Qd7 Qb6+ 41. Kg2 Rc1 42. Qd8+ Qxd8 43. Rxd8+ Kg7 44. Rb8 Rb1 45. Kf3
b4 46. Rb7 Kf8 47. Kg2 b3 48. Kh3 b2 49. Kh4 Ke8 50. Kg5 Kd8 51. Kf6 g5 52. f5
h4 53. Kxg5 hxg3 54. hxg3 Rg1 55. Rxb2 Rxg3+ 56. Kf6 Rf3 57. Rb7 Ke8 58. Rb8+
Kd7 59. Rf8 Rf1 60. Rxf7+ Ke8 61. e6 Rf2 62. Rb7 1-0

[Event "Tradewise Gibraltar AmatWk2"]
[Site "Gibraltar"]
[Date "2016.02.01"]
[Round "3.14"]
[White "Lopez Diaz, Rafael"]
[Black "Izzard, Brian J"]
[Result "1/2-1/2"]
[WhiteElo "1854"]
[BlackElo "1656"]
[PlyCount "74"]
[EventDate "2016.01.30"]
[EventType "swiss"]
[EventRounds "5"]
[EventCountry "GGB"]
[SourceTitle "BritBase"]
[Source "www.saund.co.uk"]
[SourceDate "2018.02.10"]
[SourceVersion "1"]
[SourceVersionDate "2018.02.10"]
[SourceQuality "1"]

1. d4 Nf6 2. c4 e6 3. Nc3 b6 4. Nf3 Bb7 5. e3 Bb4 6. Bd2 O-O 7. Bd3 d5 8. cxd5
exd5 9. O-O Nbd7 10. Rc1 a6 11. a3 Bd6 12. Ne2 Ne4 13. Ng3 f5 14. Ne1 Qh4 15.
f4 Nxg3 16. Nf3 Qh5 17. hxg3 Nf6 18. Nh2 Qg6 19. Qf3 Ne4 20. Bxe4 dxe4 21. Qf2
Rae8 22. Rfd1 Re6 23. Qe1 Qh5 24. Nf1 Rh6 25. Kf2 a5 26. Qe2 Qg6 27. b4 a4 28.
b5 Bd5 29. Rc3 Rc8 30. Bc1 Rh1 31. Nd2 Rh2 32. Bb2 h5 33. Re1 h4 34. Nf1 hxg3+
35. Nxg3 Kf7 36. Rh1 Rch8 37. Rxh2 Rxh2 1/2-1/2

[Event "Tradewise Gibraltar AmatWk2"]
[Site "Gibraltar"]
[Date "2016.02.01"]
[Round "3.15"]
[White "Joachim, Rodny"]
[Black "Murray, J Stephen"]
[Result "1/2-1/2"]
[WhiteElo "1659"]
[BlackElo "1821"]
[PlyCount "82"]
[EventDate "2016.01.30"]
[EventType "swiss"]
[EventRounds "5"]
[EventCountry "GGB"]
[SourceTitle "BritBase"]
[Source "www.saund.co.uk"]
[SourceDate "2018.02.10"]
[SourceVersion "1"]
[SourceVersionDate "2018.02.10"]
[SourceQuality "1"]

1. e4 c5 2. Nf3 d6 3. d4 cxd4 4. Nxd4 Nf6 5. Nc3 a6 6. Be3 e5 7. Nb3 Be6 8. f3
Nbd7 9. Qd2 Be7 10. Be2 Rc8 11. O-O-O b5 12. g4 Qc7 13. Bd3 Nb6 14. Kb1 Nc4 15.
Bxc4 Bxc4 16. Nd5 Bxd5 17. exd5 O-O 18. h4 Nd7 19. Na5 Nb6 20. Bxb6 Qxb6 21.
Nc6 Qc7 22. f4 exf4 23. g5 Rfe8 24. Qxf4 Bf8 25. Rhe1 Qd7 26. Qd4 Qc7 27. b3 g6
28. Qa7 Qxa7 29. Nxa7 Rxe1 30. Rxe1 Rc5 31. Rd1 Bg7 32. Nc6 Rc3 33. Rd3 Kf8 34.
Nb4 a5 35. Rxc3 Bxc3 36. Nd3 f6 37. Kc1 fxg5 38. hxg5 Kf7 39. Kd1 Bd4 40. Ke2
Ke7 41. Nf4 Bb2 1/2-1/2

[Event "Tradewise Gibraltar AmatWk2"]
[Site "Gibraltar"]
[Date "2016.02.01"]
[Round "3.16"]
[White "Pilchin, Uri"]
[Black "Holowczak, Alex R"]
[Result "1-0"]
[WhiteElo "1808"]
[BlackElo "1650"]
[PlyCount "37"]
[EventDate "2016.01.30"]
[EventType "swiss"]
[EventRounds "5"]
[EventCountry "GGB"]
[SourceTitle "BritBase"]
[Source "www.saund.co.uk"]
[SourceDate "2018.02.10"]
[SourceVersion "1"]
[SourceVersionDate "2018.02.10"]
[SourceQuality "1"]

1. d4 Nf6 2. c4 g6 3. Nc3 Bg7 4. e4 d6 5. f3 O-O 6. Bg5 e5 7. dxe5 dxe5 8. Qxd8
Rxd8 9. Nd5 Nbd7 10. Nxc7 Rb8 11. O-O-O b6 12. Ne2 Bb7 13. Nc3 Rdc8 14. N7b5 a6
15. Nd6 Rc7 16. Be2 Ne8 17. Nxb7 Rbxb7 18. Nd5 Rc5 19. b4 1-0

[Event "Tradewise Gibraltar AmatWk2"]
[Site "Gibraltar"]
[Date "2016.02.01"]
[Round "3.17"]
[White "Lopez Valcarcel, Juan"]
[Black "Hunt, Caro"]
[Result "1-0"]
[WhiteElo "1798"]
[BlackElo "1634"]
[PlyCount "59"]
[EventDate "2016.01.30"]
[EventType "swiss"]
[EventRounds "5"]
[EventCountry "GGB"]
[SourceTitle "BritBase"]
[Source "www.saund.co.uk"]
[SourceDate "2018.02.10"]
[SourceVersion "1"]
[SourceVersionDate "2018.02.10"]
[SourceQuality "1"]

1. d4 f5 2. Nf3 Nf6 3. c4 g6 4. g3 Bg7 5. Bg2 O-O 6. Nc3 d6 7. O-O Qe8 8. d5 e5
9. dxe6 Bxe6 10. Ng5 c6 11. Qxd6 Bxc4 12. Qb4 b5 13. Qc5 Nfd7 14. Qd6 Be5 15.
Qd1 Bxc3 16. bxc3 Bxe2 17. Qd4 Bxf1 18. Kxf1 Qe5 19. Qh4 Nf6 20. Bd2 Qd6 21.
Be3 Nbd7 22. Bf3 Rae8 23. Rd1 Qe7 24. Bxc6 Rd8 25. Bxb5 Nc5 26. Bc4+ Rd5 27.
Bd4 Qb7 28. Bxc5 Rfd8 29. Bd4 Qc6 30. Bxf6 1-0

[Event "Tradewise Gibraltar AmatWk2"]
[Site "Gibraltar"]
[Date "2016.02.01"]
[Round "3.18"]
[White "Yarur Elsaca, Daniel"]
[Black "Chidi, Lovinia Sylvia"]
[Result "1-0"]
[WhiteElo "1559"]
[BlackElo "1780"]
[PlyCount "96"]
[EventDate "2016.01.30"]
[EventType "swiss"]
[EventRounds "5"]
[EventCountry "GGB"]
[SourceTitle "BritBase"]
[Source "www.saund.co.uk"]
[SourceDate "2018.02.10"]
[SourceVersion "1"]
[SourceVersionDate "2018.02.10"]
[SourceQuality "1"]

1. e4 c5 2. Nc3 d6 3. f4 Nc6 4. Nf3 e6 5. Bc4 a6 6. a4 Qc7 7. d3 g6 8. O-O Bg7
9. Qe1 Nd4 10. Nxd4 cxd4 11. Ne2 Ne7 12. f5 exf5 13. Qh4 Be6 14. Bxe6 fxe6 15.
Bh6 O-O 16. Bxg7 Kxg7 17. Nxd4 Qd7 18. Rae1 e5 19. exf5 Nxf5 20. Nxf5+ Rxf5 21.
Rxf5 gxf5 22. Qg5+ Kh8 23. Qf6+ Kg8 24. Re3 f4 25. Rh3 Rf8 26. Qg5+ Qg7 27. Qh5
Kh8 28. Qf3 h6 29. c3 Rf7 30. Qd5 Qf6 31. Rxh6+ Qxh6 32. Qxf7 Qh4 33. Qf8+ Kh7
34. Qf5+ Kg7 35. Qe4 Qe7 36. g3 fxg3 37. hxg3 Qc7 38. Kg2 Qb6 39. b4 Qc7 40. c4
b6 41. b5 Qc5 42. Qc6 Qd4 43. Qd7+ Kg8 44. Qf5 Qb2+ 45. Kf3 Qb1 46. Qg6+ Kh8
47. Ke4 axb5 48. Qh6+ Kg8 1-0

[Event "Tradewise Gibraltar AmatWk2"]
[Site "Gibraltar"]
[Date "2016.02.01"]
[Round "3.25"]
[White "Chadwick, Susan E"]
[Black "Busch, Guenther"]
[Result "0-1"]
[WhiteElo "1430"]
[BlackElo "1561"]
[PlyCount "88"]
[EventDate "2016.01.30"]
[EventType "swiss"]
[EventRounds "5"]
[EventCountry "GGB"]
[SourceTitle "BritBase"]
[Source "www.saund.co.uk"]
[SourceDate "2018.02.10"]
[SourceVersion "1"]
[SourceVersionDate "2018.02.10"]
[SourceQuality "1"]

1. d4 d6 2. Nf3 g6 3. c4 Bg7 4. Nc3 a6 5. e4 e6 6. Be2 Nd7 7. O-O Ne7 8. Be3
O-O 9. Qd2 b6 10. Bh6 Bb7 11. Bxg7 Kxg7 12. Ng5 h6 13. Nf3 Rb8 14. h3 c5 15. d5
e5 16. Nh2 Bc8 17. a4 Ng8 18. f4 exf4 19. Rxf4 Ne5 20. b3 Qg5 21. Kh1 Qd8 22.
Raf1 Rb7 23. Nd1 Re7 24. Qc3 Kh7 25. Ne3 Qe8 26. Nf3 g5 27. Nxg5+ hxg5 28. R4f2
Ng6 29. Bd3 Ne5 30. Bc2 f6 31. Nf5 Bxf5 32. exf5 Qh5 33. Bd1 Qh4 34. g3 Qe4+
35. Kg1 Rfe8 36. Bh5 Rf8 37. Bd1 Qd3 38. Qa1 Qxg3+ 39. Rg2 Qh4 40. Bg4 Nh6 41.
Qd1 Kg8 42. Re1 Nhxg4 43. hxg4 Nf3+ 44. Qxf3 Rxe1+ 0-1

[Event "Tradewise Gibraltar AmatWk2"]
[Site "Gibraltar"]
[Date "2016.02.01"]
[Round "3.27"]
[White "Oliva Parra, Ernesto"]
[Black "Crouch, Timothy J"]
[Result "0-1"]
[WhiteElo "1602"]
[BlackElo "1541"]
[PlyCount "110"]
[EventDate "2016.01.30"]
[EventType "swiss"]
[EventRounds "5"]
[EventCountry "GGB"]
[SourceTitle "BritBase"]
[Source "www.saund.co.uk"]
[SourceDate "2018.02.10"]
[SourceVersion "1"]
[SourceVersionDate "2018.02.10"]
[SourceQuality "1"]

1. e4 c5 2. Nf3 d6 3. h3 Nf6 4. Nc3 g6 5. Bc4 Bg7 6. d3 O-O 7. a3 Nc6 8. Ne2 a6
9. c3 b5 10. Ba2 Bb7 11. Ng3 b4 12. O-O a5 13. Ng5 Ba6 14. Re1 Ne5 15. d4 Nd3
16. Re3 Nxc1 17. Rxc1 Bh6 18. h4 bxa3 19. bxa3 Rb8 20. Rb1 Qc7 21. Re1 Bxg5 22.
hxg5 Nd7 23. Qg4 cxd4 24. cxd4 e6 25. Qd1 Rxb1 26. Bxb1 Rb8 27. Bd3 Bxd3 28.
Qxd3 Rb2 29. Qe3 Qb7 30. Qc3 Rb5 31. Qd2 Qb6 32. Ne2 d5 33. Nc3 Rb2 34. Qd1 Rb3
35. Re3 dxe4 36. Qc2 Rxa3 37. Nd5 Ra1+ 38. Kh2 Qd6+ 39. g3 exd5 40. Qc3 Ra4 41.
Re2 Qb6 42. Rd2 Rc4 43. Qe3 Nf8 44. Kg2 Ne6 45. f3 Rxd4 46. Rc2 exf3+ 47. Kxf3
Qd8 48. Kg2 Qxg5 49. Rc8+ Kg7 50. Qc3 Qd2+ 51. Qxd2 Rxd2+ 52. Kh3 h5 53. Rc3
Kh6 54. g4 Ng5+ 55. Kh4 Rg2 0-1

[Event "Tradewise Gibraltar AmatWk2"]
[Site "Gibraltar"]
[Date "2016.02.02"]
[Round "4.1"]
[White "Wilson, Matthew R"]
[Black "Dennis, Nigel W"]
[Result "1/2-1/2"]
[WhiteElo "1873"]
[BlackElo "1820"]
[PlyCount "103"]
[EventDate "2016.01.30"]
[EventType "swiss"]
[EventRounds "5"]
[EventCountry "GGB"]
[SourceTitle "BritBase"]
[Source "www.saund.co.uk"]
[SourceDate "2018.02.10"]
[SourceVersion "1"]
[SourceVersionDate "2018.02.10"]
[SourceQuality "1"]

1. e4 c5 2. Nc3 Nc6 3. f4 d6 4. Nf3 a6 5. d4 cxd4 6. Nxd4 e6 7. Be3 Qc7 8. Bd3
Nf6 9. Nxc6 bxc6 10. O-O Be7 11. Qe2 O-O 12. g4 e5 13. f5 d5 14. Bd2 dxe4 15.
Nxe4 Nxe4 16. Bxe4 Bb7 17. Qg2 f6 18. Be3 Rab8 19. c4 c5 20. b3 Bxe4 21. Qxe4
Rfd8 22. Rfd1 Kf8 23. Kf2 Rd6 24. Rxd6 Qxd6 25. Qd5 Qxd5 26. cxd5 Rb4 27. Rd1
Bd6 28. h3 Ke7 29. Rc1 a5 30. Bxc5 Bxc5+ 31. Rxc5 a4 32. bxa4 Kd6 33. Ra5 Rb2+
34. Ke3 Rxa2 35. Kd3 g6 36. Kc4 Rc2+ 37. Kd3 Rh2 38. Ke4 gxf5+ 39. gxf5 Re2+
40. Kd3 Ra2 41. Ke4 Re2+ 42. Kf3 Ra2 43. Kg4 Rd2 44. Kh5 Rxd5 45. Ra6+ Ke7 46.
Kh6 Rd3 47. Kg7 Rg3+ 48. Kxh7 Rxh3+ 49. Kg7 Rg3+ 50. Kh7 Rh3+ 51. Kg7 Rg3+ 52.
Kh7 1/2-1/2

[Event "Tradewise Gibraltar AmatWk2"]
[Site "Gibraltar"]
[Date "2016.02.02"]
[Round "4.2"]
[White "Mrabti, Yahya"]
[Black "Cernuda Orejas, Victor Manuel"]
[Result "0-1"]
[WhiteElo "1780"]
[BlackElo "1899"]
[PlyCount "138"]
[EventDate "2016.01.30"]
[EventType "swiss"]
[EventRounds "5"]
[EventCountry "GGB"]
[SourceTitle "BritBase"]
[Source "www.saund.co.uk"]
[SourceDate "2018.02.10"]
[SourceVersion "1"]
[SourceVersionDate "2018.02.10"]
[SourceQuality "1"]

1. e4 e6 2. d3 d5 3. Nd2 dxe4 4. dxe4 Bd7 5. g3 Bc6 6. Bg2 Nd7 7. Qe2 Ngf6 8.
Ngf3 Bc5 9. O-O h6 10. e5 Nh7 11. Nb3 Bb6 12. Nbd4 Bxd4 13. Nxd4 Bxg2 14. Kxg2
c6 15. Qh5 Qa5 16. Nf3 Nhf6 17. b4 Nxh5 18. bxa5 g6 19. Rb1 O-O-O 20. Ba3 Ng7
21. Rb3 Nb8 22. g4 Rd7 23. Bd6 Ne8 24. Bxb8 Kxb8 25. a6 b6 26. a4 Rd5 27. Ra1
Nc7 28. a5 b5 29. c4 Rc5 30. cxb5 cxb5 31. Rab1 Rd8 32. Kg3 Ka8 33. Rb4 Rd3 34.
Rf4 Rd7 35. Rfb4 g5 36. Kg2 Rcd5 37. Kg3 Rd3 38. R1b3 Rxb3 39. Rxb3 Rd5 40. h4
gxh4+ 41. Kxh4 Rd1 42. Nh2 Rh1 43. Kh3 Ra1 44. Rf3 Nxa6 45. Rxf7 b4 46. Re7 b3
47. Rxe6 b2 48. Rxa6 b1=Q 49. Rxh6 Rxa5 50. f4 Qe4 51. Rf6 Ra3+ 52. Kh4 Qh7+
53. Kg5 Qxh2 54. e6 Re3 55. f5 a5 56. Rf7 a4 57. e7 a3 58. Rf8+ Kb7 59. e8=Q
Rxe8 60. Rxe8 a2 61. Re7+ Kb6 62. f6 a1=Q 63. Kg6 Qb1+ 64. Kg7 Qhh7+ 65. Kf8
Qh8+ 66. Kf7 Qb3+ 67. Kg6 Qd3+ 68. Kf7 Qhh7+ 69. Ke8 Qg8# 0-1

[Event "Tradewise Gibraltar AmatWk2"]
[Site "Gibraltar"]
[Date "2016.02.02"]
[Round "4.3"]
[White "Winter, Kevin"]
[Black "Sevillano Garcia, Joaquin"]
[Result "1/2-1/2"]
[WhiteElo "1825"]
[BlackElo "1867"]
[PlyCount "37"]
[EventDate "2016.01.30"]
[EventType "swiss"]
[EventRounds "5"]
[EventCountry "GGB"]
[SourceTitle "BritBase"]
[Source "www.saund.co.uk"]
[SourceDate "2018.02.10"]
[SourceVersion "1"]
[SourceVersionDate "2018.02.10"]
[SourceQuality "1"]

1. e4 e6 2. d4 d5 3. Nd2 Nf6 4. e5 Nfd7 5. Bd3 c5 6. c3 Nc6 7. Ne2 Qb6 8. O-O
Be7 9. Nf3 cxd4 10. cxd4 f6 11. Nf4 Nd8 12. a3 Nf7 13. Nh5 O-O 14. exf6 Nxf6
15. Nf4 Ne4 16. Qc2 Nfd6 17. Be3 Bd7 18. Ne5 Qd8 19. Nxd7 1/2-1/2

[Event "Tradewise Gibraltar AmatWk2"]
[Site "Gibraltar"]
[Date "2016.02.02"]
[Round "4.4"]
[White "Longdin, Michael"]
[Black "Selva Salvador, Antonio"]
[Result "1-0"]
[WhiteElo "1813"]
[BlackElo "1862"]
[PlyCount "47"]
[EventDate "2016.01.30"]
[EventType "swiss"]
[EventRounds "5"]
[EventCountry "GGB"]
[SourceTitle "BritBase"]
[Source "www.saund.co.uk"]
[SourceDate "2018.02.10"]
[SourceVersion "1"]
[SourceVersionDate "2018.02.10"]
[SourceQuality "1"]

1. d4 c5 2. c3 cxd4 3. cxd4 Nf6 4. e3 g6 5. Nf3 Bg7 6. Bd3 O-O 7. O-O b6 8. e4
Bb7 9. Nc3 d6 10. Bg5 Nbd7 11. Qd2 e5 12. Bh6 exd4 13. Nxd4 Bxh6 14. Qxh6 Nc5
15. Rad1 Ng4 16. Qh3 Ne5 17. Bc2 Qe7 18. f4 Nc4 19. f5 f6 20. fxg6 hxg6 21. Qg3
Ne5 22. b4 Ne6 23. Bb3 d5 24. Nxd5 1-0

[Event "Tradewise Gibraltar AmatWk2"]
[Site "Gibraltar"]
[Date "2016.02.02"]
[Round "4.6"]
[White "Cruz Fiallos, Hamilton Tarley"]
[Black "Kuenitz, Klaus"]
[Result "1/2-1/2"]
[WhiteElo "1836"]
[BlackElo "1778"]
[PlyCount "120"]
[EventDate "2016.01.30"]
[EventType "swiss"]
[EventRounds "5"]
[EventCountry "GGB"]
[SourceTitle "BritBase"]
[Source "www.saund.co.uk"]
[SourceDate "2018.02.10"]
[SourceVersion "1"]
[SourceVersionDate "2018.02.10"]
[SourceQuality "1"]

1. e4 e6 2. d3 d5 3. Nd2 Nf6 4. g3 c5 5. Bg2 Nc6 6. Ngf3 Be7 7. O-O b6 8. Re1
Bb7 9. h4 dxe4 10. dxe4 e5 11. c3 Qc7 12. Qc2 O-O 13. Nf1 Na5 14. Bg5 Rad8 15.
Rad1 Rxd1 16. Qxd1 Nxe4 17. Bxe7 Qxe7 18. Nxe5 Qxe5 19. f3 Nxc3 20. Qd2 Qd4+
21. Qxd4 cxd4 22. bxc3 dxc3 23. Rc1 Rc8 24. Ne3 b5 25. f4 Bxg2 26. Kxg2 Rc5 27.
Kf3 b4 28. Ke2 Nc6 29. Nc2 a5 30. Rd1 Kf8 31. Rd7 Ke8 32. Rb7 Rd5 33. Ne3 Rd2+
34. Ke1 Rxa2 35. Nc4 c2 36. Nd6+ Kf8 37. Kd2 Nd8 38. Rd7 b3 39. Rxd8+ Ke7 40.
Rb8 a4 41. Nf5+ Kf6 42. g4 Ke6 43. Nd4+ Kd7 44. Rb7+ Kd6 45. Rxf7 Kd5 46. Rd7+
Ke4 47. f5 Rb2 48. g5 a3 49. Nxb3 Rxb3 50. Kxc2 Rb2+ 51. Kc1 Rh2 52. f6 gxf6
53. gxf6 Ke5 54. f7 Rf2 55. Kb1 Ke6 56. f8=Q Rxf8 57. Rxh7 Rf2 58. Rh8 Rh2 59.
h5 Kf7 60. Ra8 Rxh5 1/2-1/2

[Event "Tradewise Gibraltar AmatWk2"]
[Site "Gibraltar"]
[Date "2016.02.02"]
[Round "4.7"]
[White "Pilchin, Uri"]
[Black "Bajer, Renato"]
[Result "1-0"]
[WhiteElo "1808"]
[BlackElo "1890"]
[PlyCount "79"]
[EventDate "2016.01.30"]
[EventType "swiss"]
[EventRounds "5"]
[EventCountry "GGB"]
[SourceTitle "BritBase"]
[Source "www.saund.co.uk"]
[SourceDate "2018.02.10"]
[SourceVersion "1"]
[SourceVersionDate "2018.02.10"]
[SourceQuality "1"]

1. d4 f5 2. g3 Nf6 3. Bg2 g6 4. Nf3 Bg7 5. c4 O-O 6. O-O d6 7. Nc3 Qe8 8. d5 a5
9. Ne1 Na6 10. Nd3 Bd7 11. Qb3 b6 12. Bd2 h6 13. Nf4 Rb8 14. Rac1 Qf7 15. Qc2
Nb4 16. Qb1 g5 17. Nd3 Nxd3 18. Qxd3 e5 19. dxe6 Bxe6 20. b3 Nh5 21. Bd5 Rbe8
22. e3 Kh8 23. Bxe6 Qxe6 24. Nd5 Qd7 25. Bc3 Nf6 26. Nxf6 Bxf6 27. a3 Qg7 28.
b4 Bxc3 29. Rxc3 axb4 30. axb4 f4 31. exf4 gxf4 32. Rd1 f3 33. Kf1 Qd7 34. Qd4+
Re5 35. Qxe5+ Kg8 36. Qd5+ Kh8 37. Qd4+ Kg8 38. Qh4 Kh7 39. Re1 Rf7 40. Rce3
1-0